[Event "Arber op 7th"]
[Site "Bodenmais"]
[Date "2018.07.28"]
[Round "1"]
[White "Miesbauer, Jan"]
[Black "Schreib, Marc"]
[Result "1-0"]
[WhiteElo "2282"]
[BlackElo "1857"]
[PlyCount "51"]
[EventDate "2018.07.28"]
[EventType "swiss"]
[EventRounds "9"]
[EventCountry "GER"]
[SourceTitle "CBM 185 Extra"]
[Source "ChessBase"]
[SourceDate "2018.07.29"]
[SourceVersion "1"]
[SourceVersionDate "2018.07.29"]
[SourceQuality "1"]

1. e4 c6 2. d4 d5 3. e5 c5 4. dxc5 e6 5. a3 Bxc5 6. b4 Bb6 7. Nf3 Bd7 8. Bd3 a6 9. Qe2 Ne7 10. 0-0 Nbc6 11. Nbd2 Nd4 12. Nxd4 Bxd4 13. Rb1 b5 14. Nb3 Bb6 15. Be3 Bxe3 16. Qxe3 Qc7 17. Rfe1 0-0 18. Qh3 h6 19. Re3 f5 20. exf6 Rxf6 21. Nc5 Bc8 22. Qh5 Nf5 23. Qe8+ Rf8 24. Nxe6 Qxh2+ 25. Kxh2 Rxe8 26. Bxf5 1-0

[Event "Bad Woerishofen op 34th"]
[Site "Bad Woerishofen"]
[Date "2018.03.01"]
[Round "7"]
[White "Bangert, Ruediger"]
[Black "Schreib, Marc"]
[Result "0-1"]
[WhiteElo "1563"]
[BlackElo "1848"]
[PlyCount "48"]
[EventDate "2018.02.23"]
[EventType "swiss"]
[EventRounds "9"]
[EventCountry "GER"]
[SourceTitle "CBM 183 Extra"]
[Source "ChessBase"]
[SourceDate "2018.04.19"]
[SourceVersion "1"]
[SourceVersionDate "2018.04.19"]
[SourceQuality "1"]

1. d4 Nf6 2. c4 c5 3. d5 b5 4. Nd2 e6 5. Ngf3 exd5 6. cxd5 Nxd5 7. Nb3 Bb7 8. Bg5 f6 9. Bh4 Nc7 10. e3 a5 11. Ne5 g6 12. Bxf6 Qxf6 13. Ng4 Qxb2 14. Rc1 c4 15. Rc2 Bb4+ 16. Ke2 Qg7 17. Nd4 Nc6 18. Nxb5 Nxb5 19. Rxc4 Qb2+ 20. Rc2 Nc3+ 21. Kf3 Nxd1 22. Rxb2 Nxb2 23. Kg3 0-0 24. Be2 h5 0-1

[Event "Bad Woerishofen op 28th"]
[Site "Bad Woerishofen"]
[Date "2012.03.07"]
[Round "6"]
[White "Goris, Ton"]
[Black "Schreib, Marc"]
[Result "1-0"]
[WhiteElo "2027"]
[BlackElo "1894"]
[PlyCount "71"]
[EventDate "2012.03.02"]
[EventType "swiss"]
[EventRounds "9"]
[EventCountry "GER"]
[SourceTitle "EXT 2019"]
[Source "ChessBase"]
[SourceDate "2018.10.10"]
[SourceVersion "1"]
[SourceVersionDate "2018.10.10"]
[SourceQuality "1"]

1. e4 c6 2. d4 d5 3. e5 c5 4. dxc5 e6 5. Be3 Nh6 6. Nf3 Nf5 7. Qd2 Nxe3 8. Qxe3 Qa5+ 9. Qc3 Qxc3+ 10. Nxc3 Bxc5 11. Nb5 Na6 12. Bd3 h6 13. c3 Kd8 14. Nfd4 Nc7 15. f4 Nxb5 16. Bxb5 a6 17. Bd3 Bxd4 18. cxd4 Bd7 19. 0-0 g6 20. Rac1 Rc8 21. Rxc8+ Kxc8 22. Rc1+ Kb8 23. b4 Rc8 24. Rc5 Rxc5 25. bxc5 Kc7 26. Kf2 Ba4 27. Be2 Be8 28. h4 h5 29. g4 hxg4 30. Bxg4 Bd7 31. h5 gxh5 32. Bxh5 Be8 33. f5 Kd7 34. f6 Kc6 35. a4 a5 36. Be2 1-0

[Event "Bad Woerishofen op 28th"]
[Site "Bad Woerishofen"]
[Date "2012.03.06"]
[Round "5"]
[White "Schreib, Marc"]
[Black "Pohlers, Juergen"]
[Result "1/2-1/2"]
[WhiteElo "1894"]
[BlackElo "1991"]
[PlyCount "28"]
[EventDate "2012.03.02"]
[EventType "swiss"]
[EventRounds "9"]
[EventCountry "GER"]
[SourceTitle "EXT 2019"]
[Source "ChessBase"]
[SourceDate "2018.10.10"]
[SourceVersion "1"]
[SourceVersionDate "2018.10.10"]
[SourceQuality "1"]

1. d4 d5 2. c4 e6 3. Nf3 Nf6 4. Nc3 c6 5. cxd5 exd5 6. Bg5 Be7 7. Qc2 Nbd7 8. e3 h6 9. Bh4 0-0 10. Bd3 Re8 11. 0-0 Nf8 12. Bg3 Bd6 13. Bxd6 Qxd6 14. a3 Re7 1/2-1/2

[Event "Bad Woerishofen op 28th"]
[Site "Bad Woerishofen"]
[Date "2012.03.05"]
[Round "4"]
[White "Mack, Thomas"]
[Black "Schreib, Marc"]
[Result "1/2-1/2"]
[WhiteElo "2047"]
[BlackElo "1894"]
[PlyCount "30"]
[EventDate "2012.03.02"]
[EventType "swiss"]
[EventRounds "9"]
[EventCountry "GER"]
[SourceTitle "EXT 2019"]
[Source "ChessBase"]
[SourceDate "2018.10.10"]
[SourceVersion "1"]
[SourceVersionDate "2018.10.10"]
[SourceQuality "1"]

1. e4 c6 2. d4 d5 3. exd5 cxd5 4. Bd3 Nc6 5. c3 Nf6 6. Bf4 Bg4 7. Qb3 Qd7 8. Nd2 e6 9. Ngf3 Bxf3 10. Nxf3 Bd6 11. Ne5 Qc7 12. 0-0 Nh5 13. g3 Nxf4 14. gxf4 Bxe5 15. fxe5 a6 1/2-1/2

[Event "Bad Woerishofen op 28th"]
[Site "Bad Woerishofen"]
[Date "2012.03.04"]
[Round "3"]
[White "Schreib, Marc"]
[Black "Mircoli, Filippo"]
[Result "1-0"]
[WhiteElo "1894"]
[BlackElo "1735"]
[PlyCount "47"]
[EventDate "2012.03.02"]
[EventType "swiss"]
[EventRounds "9"]
[EventCountry "GER"]
[SourceTitle "EXT 2019"]
[Source "ChessBase"]
[SourceDate "2018.10.10"]
[SourceVersion "1"]
[SourceVersionDate "2018.10.10"]
[SourceQuality "1"]

1. d4 e6 2. Nf3 d5 3. c4 Nf6 4. e3 Bb4+ 5. Bd2 Be7 6. Nc3 0-0 7. Bd3 c5 8. dxc5 Bxc5 9. cxd5 Nxd5 10. Nxd5 Qxd5 11. Qc2 f5 12. Bc4 Qd6 13. 0-0 Nc6 14. g3 Bb6 15. Rab1 Qe7 16. b4 Bd7 17. b5 Na5 18. Bb4 Qf6 19. Bxf8 Nxc4 20. Bxg7 Qxg7 21. Qxc4 Rc8 22. Qd3 Be8 23. Qd6 Bf7 24. Rbc1 1-0